[Event "17th Costa del Sol it"]
[Site "Torremolinos ESP"]
[Date "1977.02.06"]
[Round "1"]
[White "Ciocaltea, Victor"]
[Black "Gheorghiu, Florin"]
[Result "1/2-1/2"]
[WhiteElo "2365"]
[BlackElo "2545"]
[EventDate "1977.02.06"]
[PlyCount "42"]

1.e4 e6 2.d4 d5 3.Nd2 c5 4.exd5 exd5 5.Ngf3 Nc6 6.Bb5 Bd6 7.dxc5 Bxc5 8.
O-O Ne7 9.Nb3 Bd6 10.Re1 O-O 11.Bg5 Qc7 12.h3 h6 13.Bd2 a6 14.Bd3 Re8 15.
Bc3 Bd7 16.Nbd4 Rad8 17.Qd2 Nxd4 18.Nxd4 Nc6 19.Rxe8+ Rxe8 20.Re1 Rxe1+ 
21.Qxe1 Bc5 1/2-1/2

[Event "17th Costa del Sol it"]
[Site "Torremolinos ESP"]
[Date "1977.02.06"]
[Round "1"]
[White "Piasetski, Leon David"]
[Black "Robatsch, Karl"]
[Result "1/2-1/2"]
[WhiteElo "2395"]
[BlackElo "2435"]
[EventDate "1977.02.06"]
[PlyCount "32"]

1.c4 Nf6 2.Nf3 e6 3.g3 a6 4.Bg2 b5 5.Nd4 c6 6.cxb5 axb5 7.Nxb5 cxb5 8.Bxa8
d5 9.b4 Qc7 10.Nc3 Bd7 11.Qb3 Qa7 12.Nxd5 exd5 13.Bxd5 Nxd5 14.Qxd5 Bxb4 
15.Bb2 O-O 16.Bxg7 Kxg7 1/2-1/2

[Event "17th Costa del Sol it"]
[Site "Torremolinos ESP"]
[Date "1977.02.06"]
[Round "1"]
[White "Tatai, Stefano"]
[Black "Pavlov, Mircea"]
[Result "1/2-1/2"]
[WhiteElo "2480"]
[BlackElo "2380"]
[EventDate "1977.02.06"]
[PlyCount "67"]

1.e4 c5 2.Nf3 d6 3.d4 Nf6 4.Nc3 cxd4 5.Nxd4 Nc6 6.Bg5 e6 7.Qd2 a6 8.O-O-O 
Bd7 9.f4 b5 10.Nxc6 Bxc6 11.Qe3 Be7 12.Bxf6 gxf6 13.f5 Qa5 14.Kb1 b4 15.
Ne2 e5 16.Nc1 Qc5 17.Qf3 a5 18.Nb3 Qb6 19.Bc4 a4 20.Nc1 Ra5 21.Rhe1 Rc5 
22.Bd5 Bxd5 23.Rxd5 Rxd5 24.exd5 Rg8 25.g3 Bf8 26.Nd3 Qd4 27.Nf2 a3 28.
bxa3 bxa3 29.Qxa3 Qxf2 30.Qa8+ Ke7 31.Qb7+ Ke8 32.Qc8+ Ke7 33.Qc7+ Ke8 34.
Qc8+ 1/2-1/2

[Event "17th Costa del Sol it"]
[Site "Torremolinos ESP"]
[Date "1977.02.06"]
[Round "1"]
[White "Castro Rojas, Oscar Humberto"]
[Black "Hernandez Onna, Roman"]
[Result "1-0"]
[WhiteElo "2410"]
[BlackElo "2435"]
[EventDate "1977.02.06"]
[PlyCount "89"]

1.e4 c5 2.c3 Nc6 3.d4 cxd4 4.cxd4 d5 5.exd5 Qxd5 6.Nc3 Qxd4 7.Be3 Qxd1+ 8.
Rxd1 Bd7 9.Nb5 Rc8 10.Nxa7 Nxa7 11.Bxa7 e6 12.a3 Ba4 13.Rb1 Nf6 14.Ne2 Bb5
15.Rc1 Rxc1+ 16.Nxc1 Bxf1 17.Rxf1 Bd6 18.Nd3 Ke7 19.Kd2 Nd5 20.Bd4 Rd8 21.
g3 f6 22.f4 Rc8 23.Rc1 Rxc1 24.Kxc1 h5 25.Kd2 Kf7 26.Nc5 b6 27.Ne4 Bc7 28.
Nc3 g5 29.Nxd5 exd5 30.f5 g4 31.Ke2 b5 32.b3 Ke7 33.Bc5+ Kd7 34.Bd4 Ke7 
35.Kd3 h4 36.Bc5+ Kf7 37.gxh4 Bxh2 38.Ke2 Be5 39.a4 bxa4 40.bxa4 d4 41.a5 
g3 42.a6 g2 43.Kf2 d3 44.Bb4 Bf4 45.Kxg2 1-0

[Event "17th Costa del Sol it"]
[Site "Torremolinos ESP"]
[Date "1977.02.06"]
[Round "1"]
[White "Ruiz Gutierrez, Manuel"]
[Black "Bellon Lopez, Juan Manuel"]
[Result "1/2-1/2"]
[WhiteElo "2260"]
[BlackElo "2415"]
[EventDate "1977.02.06"]
[PlyCount "91"]

1.e4 c5 2.Nf3 g6 3.c4 Bg7 4.Nc3 Nc6 5.Be2 d6 6.O-O a6 7.d3 Rb8 8.Bd2 b5 9.
Rb1 e6 10.b3 Nd4 11.a4 bxc4 12.bxc4 Bd7 13.Nxd4 cxd4 14.Na2 Ne7 15.Qc2 O-O
16.Rxb8 Qxb8 17.Rb1 Bxa4 18.Rxb8 Bxc2 19.Rxf8+ Bxf8 20.Nb4 Bb1 21.Nxa6 d5 
22.exd5 exd5 23.Nb4 dxc4 24.dxc4 Nf5 25.Bd3 Bxd3 26.Nxd3 Nd6 27.c5 Nb5 28.
Bf4 f6 29.c6 Kf7 30.c7 Na7 31.Kf1 Ke6 32.Ke2 Kd5 33.h3 g5 34.Bh2 f5 35.Be5
Nc8 36.g4 f4 37.Bf6 h6 38.h4 gxh4 39.Bxh4 Bd6 40.Bf6 Bxc7 41.Bg7 Kc4 42.f3
Ne7 43.Bxh6 Nd5 44.Bf8 Nc3+ 45.Kd2 Bd8 46.Bd6 1/2-1/2

[Event "17th Costa del Sol it"]
[Site "Torremolinos ESP"]
[Date "1977.02.06"]
[Round "1"]
[White "Christiansen, Larry Mark"]
[Black "Byrne, Robert"]
[Result "0-1"]
[WhiteElo "2460"]
[BlackElo "2580"]
[EventDate "1977.02.06"]
[PlyCount "58"]

1.g3 d5 2.Bg2 c6 3.d3 Bf5 4.Nd2 h6 5.e4 Bh7 6.Ne2 e6 7.b3 Nf6 8.Bb2 Bb4 9.
e5 Nfd7 10.O-O O-O 11.a3 Be7 12.Nf4 Na6 13.Nf3 Nc7 14.Qd2 a5 15.Rfe1 a4 
16.b4 c5 17.bxc5 Nxc5 18.Rab1 Nb5 19.Bc1 Qd7 20.Nh5 Rfe8 21.Rb4 Bf8 22.Rg4
Bg6 23.Nf6+ gxf6 24.exf6 Qd8 25.Qf4 Nd7 26.Rxe6 fxe6 27.Rxg6+ Kf7 28.Rg7+ 
Bxg7 29.fxg7+ Qf6 0-1

[Event "17th Costa del Sol it"]
[Site "Torremolinos ESP"]
[Date "1977.02.06"]
[Round "1"]
[White "Medina Garcia, Antonio Angel"]
[Black "Garcia Padron, Jose"]
[Result "1/2-1/2"]
[WhiteElo "2345"]
[BlackElo "2425"]
[EventDate "1977.02.06"]
[PlyCount "83"]

1.e4 e6 2.d4 c5 3.Nf3 cxd4 4.Nxd4 Nf6 5.Nc3 d6 6.Be2 a6 7.f4 Nbd7 8.O-O b5
9.Bf3 Bb7 10.e5 Bxf3 11.Nxf3 dxe5 12.fxe5 b4 13.exf6 bxc3 14.fxg7 Bxg7 15.
b3 O-O 16.Ba3 Re8 17.Qe1 Qb6+ 18.Kh1 Rad8 19.Qh4 h6 20.Rae1 e5 21.Qg3 Qg6 
22.Qf2 Nf8 23.Bxf8 Rxf8 24.Nxe5 Bxe5 25.Rxe5 Rd2 26.Qf3 Rxc2 27.Re4 h5 28.
Rc4 Rd8 29.Rxc3 Rxa2 30.Rc6 Qg7 31.h3 Ra1 32.Rcc1 Rxc1 33.Rxc1 h4 34.Rc4 
Qa1+ 35.Kh2 Qe5+ 36.Kh1 Qe1+ 37.Kh2 Qe5+ 38.Qf4 Qxf4+ 39.Rxf4 a5 40.Rxh4 
Rb8 41.Rg4+ Kf8 42.Rg3 1/2-1/2

[Event "17th Costa del Sol it"]
[Site "Torremolinos ESP"]
[Date "1977.02.07"]
[Round "2"]
[White "Gheorghiu, Florin"]
[Black "Robatsch, Karl"]
[Result "1/2-1/2"]
[WhiteElo "2545"]
[BlackElo "2435"]
[EventDate "1977.02.06"]
[PlyCount "27"]

1.c4 Nf6 2.Nc3 e6 3.Nf3 b6 4.e4 Bb7 5.Bd3 d5 6.cxd5 exd5 7.e5 Nfd7 8.Bc2 
d4 9.Be4 c6 10.e6 dxc3 11.exd7+ Nxd7 12.dxc3 Ne5 13.Qxd8+ Rxd8 14.Bc2 
1/2-1/2

[Event "17th Costa del Sol it"]
[Site "Torremolinos ESP"]
[Date "1977.02.07"]
[Round "2"]
[White "Ciocaltea, Victor"]
[Black "Tatai, Stefano"]
[Result "0-1"]
[WhiteElo "2365"]
[BlackElo "2480"]
[EventDate "1977.02.06"]
[PlyCount "64"]

1.e4 e5 2.Nf3 Nc6 3.Bb5 a6 4.Ba4 d6 5.Bxc6+ bxc6 6.d4 f6 7.Nc3 Ne7 8.Be3 
Be6 9.Qd2 Qb8 10.dxe5 $5 fxe5 11.Ng5 Bg8 12.O-O-O h6 13.Nf3 $5 Ng6 $6 ( {
Era preferible} 13...Be6 ) 14.h4 Be7 15.h5 Nf8 16.Nh4 Qb4 $5 17.a3 Qb7 18.
Nf5 Rb8 19.b3 $5 Bf6 $5 20.f3 $2 ( {Mejor es} 20.Qe2 ) 20...Bxb3 $1 21.
cxb3 Qxb3 22.Qc2 Qxa3+ 23.Kd2 Rb2 24.Rb1 Rxc2+ 25.Kxc2 {Las negras ganan 
material} 25...Qa5 $2 ( 25...Nd7 $1 {gana rapido} ) 26.Rb8+ $2 ( 26.Rb2 $1
Ne6 27.Ra2 Nd4+ $1 28.Bxd4 Qb4 29.Rb1 Qc4 30.Ra4 Qf7 31.Rb8+ Kd7 32.Rxh8 
exd4 {igualdad} ) 26...Kd7 27.Rhb1 g6 $5 28.hxg6 Ne6 $1 29.R8b3 ( {O} 29.
Rxh8 Bxh8 30.Bxh6 Nd4+ ) 29...Nd4+ 30.Bxd4 exd4 31.Ne2 c5 32.Rb7 Qa2+ $1 {
Tatai gana una partida espectacular} ( 32...Qa2+ $1 33.R1b2 d3+ $1 {gana 
la torre de b2 (Byrne - Mednis).} ) 0-1

[Event "17th Costa del Sol it"]
[Site "Torremolinos ESP"]
[Date "1977.02.07"]
[Round "2"]
[White "Hernandez Onna, Roman"]
[Black "Piasetski, Leon David"]
[Result "0-1"]
[WhiteElo "2435"]
[BlackElo "2395"]
[EventDate "1977.02.06"]
[PlyCount "67"]

1.c4 b6 2.Nf3 Bb7 3.d4 e6 4.e3 Bb4+ 5.Nbd2 Nf6 6.Bd3 O-O 7.O-O d5 8.a3 Be7
9.b3 c5 10.Bb2 cxd4 11.exd4 Nc6 12.Rc1 dxc4 13.bxc4 Re8 14.Qe2 Rc8 15.Rfd1
Qd6 16.Ne4 Qf4 17.Nfg5 Nxe4 18.Nxe4 Red8 19.Bb1 Nxd4 20.Qe1 Nf5 21.Ng3 
Nxg3 22.hxg3 Qg4 23.Bd3 Qg5 24.Bf1 Bc5 25.Rxd8+ Rxd8 26.Rd1 Rxd1 27.Qxd1 
Bc6 28.Qd3 h6 29.Bd4 Qd8 30.Bxc5 Qxd3 31.Bxd3 bxc5 32.f3 Kf8 33.Kf2 Ke7 
34.Ke3 {a partir de aqui esta mal anotada, la partida acabo en la jugada 
41} 0-1

[Event "17th Costa del Sol it"]
[Site "Torremolinos ESP"]
[Date "1977.02.07"]
[Round "2"]
[White "Pavlov, Mircea"]
[Black "Ruiz Gutierrez, Manuel"]
[Result "1-0"]
[WhiteElo "2380"]
[BlackElo "2260"]
[EventDate "1977.02.06"]
[PlyCount "116"]

1.e4 e5 2.Nf3 Nc6 3.c3 d6 4.d4 Bd7 5.Bc4 Qe7 6.O-O g6 7.dxe5 dxe5 8.b4 Bg7
9.Be3 Nh6 10.Nbd2 b6 11.h3 O-O 12.Bd5 Rab8 13.Nc4 Kh8 14.a4 f6 15.b5 Nd8 
16.Bc1 Ne6 17.Ba3 Nc5 18.Nfd2 a6 19.Rb1 axb5 20.axb5 Nf7 21.Qe2 Nd6 22.
Nxd6 cxd6 23.Bxc5 dxc5 24.Ra1 f5 25.Ra6 Bh6 26.Nf3 fxe4 27.Bxe4 Rf4 28.c4 
Be6 29.Rfa1 Qg7 30.Ra7 Rf7 31.Rxf7 Qxf7 32.Ra4 Qf4 33.Ra1 Bg8 34.Re1 Bf8 
35.g3 Qf6 36.Bc6 Bg7 37.h4 Qf5 38.Be4 Qg4 39.Qc2 Rf8 40.Nh2 Qc8 41.Nf1 Bh6
42.Ne3 Bxe3 43.Rxe3 Rd8 44.Bd3 Qd7 45.Be2 Qd4 46.h5 Kg7 47.Qa4 e4 48.hxg6 
hxg6 49.Qc2 Be6 50.Qxe4 Qa1+ 51.Bf1 Rd1 52.Qxe6 Rxf1+ 53.Kg2 Rg1+ 54.Kf3 
Qd1+ 55.Kf4 Qd4+ 56.Kg5 Qd2 57.Qe7+ Kg8 58.Kxg6 Qxf2 1-0

[Event "17th Costa del Sol it"]
[Site "Torremolinos ESP"]
[Date "1977.02.07"]
[Round "2"]
[White "Byrne, Robert"]
[Black "Castro Rojas, Oscar Humberto"]
[Result "1/2-1/2"]
[WhiteElo "2580"]
[BlackElo "2410"]
[EventDate "1977.02.06"]
[PlyCount "34"]

1.e4 Nc6 2.Nf3 d6 3.d4 Nf6 4.c3 g6 5.Bb5 Bd7 6.Nbd2 e5 7.dxe5 Nxe5 8.Nxe5 
dxe5 9.Qb3 Bh6 10.Nf3 Bxc1 11.Rxc1 O-O 12.Bxd7 Qxd7 13.O-O Nxe4 14.Rcd1 
Qf5 15.Qxb7 Rab8 16.Qxa7 Rxb2 17.Qxc7 Rxa2 1/2-1/2

[Event "17th Costa del Sol it"]
[Site "Torremolinos ESP"]
[Date "1977.02.07"]
[Round "2"]
[White "Bellon Lopez, Juan Manuel"]
[Black "Medina Garcia, Antonio Angel"]
[Result "1-0"]
[WhiteElo "2415"]
[BlackElo "2345"]
[EventDate "1977.02.06"]
[PlyCount "25"]

1.d4 Nf6 2.Nf3 g6 3.Bg5 Bg7 4.Nbd2 c5 5.Bxf6 exf6 6.Ne4 cxd4 7.Nd6+ Ke7 8.
Qxd4 Nc6 9.Qd2 Qa5 10.c3 a6 11.Rd1 Qc7 12.Qf4 Rb8 13.Qe3+ 1-0

[Event "17th Costa del Sol it"]
[Site "Torremolinos ESP"]
[Date "1977.02.07"]
[Round "2"]
[White "Garcia Padron, Jose"]
[Black "Christiansen, Larry Mark"]
[Result "0-1"]
[WhiteElo "2425"]
[BlackElo "2460"]
[EventDate "1977.02.06"]
[PlyCount "76"]

1.c4 g6 2.Nf3 Bg7 3.g3 c5 4.Bg2 Nc6 5.O-O Nh6 6.Nc3 d6 7.d3 O-O 8.Rb1 a6 
9.a3 Rb8 10.Bd2 b5 11.cxb5 axb5 12.b4 cxb4 13.axb4 d5 14.Qc1 Nf5 15.Nxb5 
Bd7 16.Na3 Ncd4 17.Nxd4 Nxd4 18.Re1 Rc8 19.Qd1 Ra8 20.Bc1 Ba4 21.Qd2 Qd6 
22.Qa2 e6 23.e3 Nb5 24.Nxb5 Bxb5 25.Qd2 Rfc8 26.d4 Bf8 27.e4 dxe4 28.Rxe4 
Ra4 29.Re5 Qa6 30.Rc5 Rd8 31.Qg5 Rxd4 32.Rxb5 Rd1+ 33.Bf1 f5 34.Qe3 Rxf1+ 
35.Kxf1 Qxb5+ 36.Kg1 Qd5 37.Bd2 Bg7 38.Qb3 $4 Ra1 0-1

[Event "17th Costa del Sol it"]
[Site "Torremolinos ESP"]
[Date "1977.02.08"]
[Round "3"]
[White "Tatai, Stefano"]
[Black "Gheorghiu, Florin"]
[Result "1/2-1/2"]
[WhiteElo "2480"]
[BlackElo "2545"]
[EventDate "1977.02.06"]
[PlyCount "31"]

1.e4 c5 2.Nf3 d6 3.d4 Nf6 4.Nc3 cxd4 5.Nxd4 Nc6 6.Bc4 Qb6 7.Nde2 e6 8.Bb3 
Be7 9.O-O O-O 10.Bg5 Ne5 11.Ng3 Qc7 12.Re1 a6 13.Nh5 Nxh5 14.Bxe7 Qxe7 15.
Qxh5 b5 16.Rad1 1/2-1/2

[Event "17th Costa del Sol it"]
[Site "Torremolinos ESP"]
[Date "1977.02.08"]
[Round "3"]
[White "Robatsch, Karl"]
[Black "Hernandez Onna, Roman"]
[Result "1/2-1/2"]
[WhiteElo "2435"]
[BlackElo "2435"]
[EventDate "1977.02.06"]
[PlyCount "63"]

1.c4 c5 2.Nf3 g6 3.d4 Bg7 4.e4 cxd4 5.Nxd4 Nc6 6.Be3 Nf6 7.Nc3 Ng4 8.Qxg4 
Nxd4 9.Qd1 Ne6 10.Qd2 d6 11.Bh6 Bxh6 12.Qxh6 Qb6 13.Rb1 Bd7 14.Be2 Qd4 15.
O-O Qg7 16.Qe3 O-O 17.Nd5 f5 18.exf5 gxf5 19.f4 Nd4 20.Nxe7+ Kh8 21.Bh5 
Rae8 22.Bxe8 Rxe8 23.Rbd1 Nc6 24.Rxd6 Rxe7 25.Qd2 Be6 26.b3 Bf7 27.Re1 Re4
28.Rxe4 fxe4 29.Rd7 Qa1+ 30.Kf2 Qf6 31.Qe3 Ne5 32.Rxf7 1/2-1/2

[Event "17th Costa del Sol it"]
[Site "Torremolinos ESP"]
[Date "1977.02.08"]
[Round "3"]
[White "Ruiz Gutierrez, Manuel"]
[Black "Ciocaltea, Victor"]
[Result "0-1"]
[WhiteElo "2260"]
[BlackElo "2365"]
[EventDate "1977.02.06"]
[PlyCount "70"]

1.d4 g6 2.c4 Bg7 3.Nc3 d6 4.Nf3 Nd7 5.e4 e5 6.Be2 c6 7.O-O Nh6 8.h3 O-O 9.
Re1 f6 10.Be3 Nf7 11.b4 f5 12.exf5 gxf5 13.d5 c5 14.bxc5 Nxc5 15.Rc1 b6 
16.Nh2 Bd7 17.f4 Qf6 18.Nf3 Rae8 19.Bf1 exf4 20.Bxf4 Ne4 21.Nb5 Bxb5 22.
cxb5 Ne5 23.Rc7 Rf7 24.Rxf7 Qxf7 25.Nd4 Ng6 26.Ne6 Nxf4 27.Nxf4 Be5 28.Ne6
Bg3 29.Re2 Nc3 30.Qd3 Nxe2+ 31.Bxe2 Be5 32.Qc4 Kh8 33.Bf3 Qg8 34.Qc7 Rc8 
35.Qd7 Rc1+ 0-1

[Event "17th Costa del Sol it"]
[Site "Torremolinos ESP"]
[Date "1977.02.08"]
[Round "3"]
[White "Piasetski, Leon David"]
[Black "Byrne, Robert"]
[Result "1/2-1/2"]
[WhiteElo "2395"]
[BlackElo "2580"]
[EventDate "1977.02.06"]
[PlyCount "28"]

1.c4 e6 2.Nf3 Nf6 3.g3 d5 4.Bg2 Be7 5.O-O O-O 6.d4 b6 7.Nc3 Bb7 8.Ne5 Na6 
9.Bg5 c5 10.dxc5 Nxc5 11.cxd5 Nxd5 12.Bxe7 Qxe7 13.Nxd5 exd5 14.Nf3 Ne6 
1/2-1/2

[Event "17th Costa del Sol it"]
[Site "Torremolinos ESP"]
[Date "1977.02.08"]
[Round "3"]
[White "Medina Garcia, Antonio Angel"]
[Black "Pavlov, Mircea"]
[Result "1-0"]
[WhiteElo "2345"]
[BlackElo "2380"]
[EventDate "1977.02.06"]
[PlyCount "61"]

1.e4 c5 2.Nc3 Nc6 3.g3 g6 4.Bg2 Bg7 5.d3 d6 6.f4 e5 7.Nh3 exf4 8.Bxf4 Nge7
9.Qd2 h6 10.O-O Be6 11.a3 Qd7 12.Nf2 g5 13.Be3 Be5 14.Rae1 Nd4 15.Nd5 Bxd5
16.exd5 Qa4 17.b3 Qd7 18.Qd1 Ndf5 19.Bxc5 Qc7 20.Bb4 h5 21.Ne4 O-O-O 22.
Nxg5 Qb6+ 23.Kh1 Ne3 24.Rxe3 Qxe3 25.Nxf7 h4 26.Nxh8 Rxh8 27.Qg4+ Kb8 28.
gxh4 Rg8 29.Qe6 Rxg2 30.Bxd6+ Bxd6 31.Qxd6+ 1-0

[Event "17th Costa del Sol it"]
[Site "Torremolinos ESP"]
[Date "1977.02.08"]
[Round "3"]
[White "Castro Rojas, Oscar Humberto"]
[Black "Garcia Padron, Jose"]
[Result "0-1"]
[WhiteElo "2410"]
[BlackElo "2425"]
[EventDate "1977.02.06"]
[PlyCount "74"]

1.b3 Nf6 2.Bb2 g6 3.e4 Bg7 4.g3 O-O 5.Bg2 d6 6.Ne2 c5 7.O-O Nc6 8.h3 Bd7 
9.Na3 Qc8 10.Kh2 Ng4+ 11.hxg4 Bxb2 12.Nc4 Bxa1 13.Qxa1 Bxg4 14.Nf4 Qd8 15.
f3 Bd7 16.Nd5 Nd4 17.c3 Ne6 18.Qe1 b5 19.Nce3 Ng7 20.g4 e6 21.Nf4 Qf6 22.
Qg3 Qe5 23.g5 f6 24.Ng4 Qxg5 25.Nh3 Qxd2 26.Rf2 Qxc3 27.Nh6+ Kh8 28.Qxd6 
Qd4 29.Qe7 e5 30.Re2 Be6 31.Nf2 Qd7 32.Qxc5 Nh5 33.Bh3 Nf4 34.Bxe6 Nxe6 
35.Qb4 Nd4 36.Re3 Nc2 37.Rd3 Qxd3 0-1

[Event "17th Costa del Sol it"]
[Site "Torremolinos ESP"]
[Date "1977.02.08"]
[Round "3"]
[White "Christiansen, Larry Mark"]
[Black "Bellon Lopez, Juan Manuel"]
[Result "1-0"]
[WhiteElo "2460"]
[BlackElo "2415"]
[EventDate "1977.02.06"]
[PlyCount "91"]

1.c4 Nf6 2.Nc3 c5 3.Nf3 e6 4.g3 b6 5.Bg2 Bb7 6.O-O Be7 7.Re1 d6 8.e4 e5 9.
d3 Nc6 10.Nd5 O-O 11.Bh3 Nxd5 12.cxd5 Nb8 13.Nd2 g6 14.Nc4 b5 15.Qb3 Ba6 
16.Na3 Qa5 17.Bh6 Rd8 18.Nc2 Nd7 19.Ne3 Rab8 20.Qd1 c4 21.Bxd7 Rxd7 22.d4 
Bc8 23.dxe5 dxe5 24.f4 f6 25.fxe5 fxe5 26.Rf1 Rd6 27.Kg2 Qb6 28.Ng4 Bxg4 
29.Qxg4 Qc7 30.Rf5 Qd7 31.Raf1 Rf6 32.h3 Rxf5 33.Rxf5 Qd6 34.Rf2 Bf8 35.
Bxf8 Rxf8 36.Rxf8+ Kxf8 37.Qc8+ Ke7 38.Qb7+ Qd7 39.Qb8 Kf6 40.Qf8+ Kg5 41.
g4 h5 42.Kg3 h4+ 43.Kf3 b4 44.d6 c3 45.bxc3 bxc3 46.Qe7+ 1-0

[Event "17th Costa del Sol it"]
[Site "Torremolinos ESP"]
[Date "1977.02.09"]
[Round "4"]
[White "Gheorghiu, Florin"]
[Black "Hernandez Onna, Roman"]
[Result "1-0"]
[WhiteElo "2545"]
[BlackElo "2435"]
[EventDate "1977.02.06"]
[PlyCount "75"]

1.d4 Nf6 2.c4 c5 3.d5 g6 4.Nc3 Bg7 5.e4 d6 6.h3 O-O 7.Bd3 e6 8.Nf3 exd5 9.
exd5 Re8+ 10.Be3 Nh5 11.O-O f5 12.Bg5 Bf6 13.Qd2 Na6 $5 ( {La alternativa 
es} 13...Nd7 14.Bxf6 Nhxf6 ) 14.Rfe1 Nc7 15.a3 Bd7 16.b4 Rxe1+ 17.Rxe1 b6 
18.Rb1 Bxg5 19.Nxg5 {Las blancas controlan mas territorio} 19...h6 $6 {
Esta maniobra en el flanco de rey es prematura} ( {Mejor era} 19...Qf6 ) 
20.Nf3 g5 $2 ( 20...Kh7 {Protegiendo los peones} ) 21.h4 f4 $6 22.hxg5 
hxg5 23.Bg6 Bg4 24.Nh2 $5 Nf6 25.g3 Qd7 26.bxc5 bxc5 27.gxf4 Bf5 $5 28.
Bxf5 Qxf5 29.Rb7 $1 gxf4 30.Rxc7 $1 Kh8 31.f3 $1 Rg8+ 32.Kh1 Qg5 33.Qf2 
Nh5 34.Ng4 Ng3+ 35.Kg1 Re8 36.Qh2+ Nh5 37.Qb2 $1 Kg8 38.Ne4 {Gheorghiu 
conquista el flanco de rey} 1-0

[Event "17th Costa del Sol it"]
[Site "Torremolinos ESP"]
[Date "1977.02.09"]
[Round "4"]
[White "Tatai, Stefano"]
[Black "Ruiz Gutierrez, Manuel"]
[Result "1/2-1/2"]
[WhiteElo "2480"]
[BlackElo "2260"]
[EventDate "1977.02.06"]
[PlyCount "33"]

1.e4 c5 2.Nf3 d6 3.d4 cxd4 4.Nxd4 Nf6 5.Nc3 a6 6.g3 e5 7.Nde2 Qc7 8.a4 h6 
9.Bg2 Be7 10.O-O b6 11.h3 Bb7 12.Be3 Nbd7 13.Nd5 Nxd5 14.exd5 O-O 15.Qd2 
f5 16.f4 Rab8 17.Ra3 1/2-1/2

[Event "17th Costa del Sol it"]
[Site "Torremolinos ESP"]
[Date "1977.02.09"]
[Round "4"]
[White "Byrne, Robert"]
[Black "Robatsch, Karl"]
[Result "1/2-1/2"]
[WhiteElo "2580"]
[BlackElo "2435"]
[EventDate "1977.02.06"]
[PlyCount "20"]

1.e4 c5 2.Nf3 Nc6 3.d4 cxd4 4.Nxd4 Nf6 5.Nc3 d6 6.Bg5 Bd7 7.Bxf6 gxf6 8.
Nf5 Qb6 9.Rb1 Qc5 10.Qh5 Nb4 1/2-1/2

[Event "17th Costa del Sol it"]
[Site "Torremolinos ESP"]
[Date "1977.02.09"]
[Round "4"]
[White "Ciocaltea, Victor"]
[Black "Medina Garcia, Antonio Angel"]
[Result "1/2-1/2"]
[WhiteElo "2365"]
[BlackElo "2345"]
[EventDate "1977.02.06"]
[PlyCount "54"]

1.e4 e5 2.Nf3 Nc6 3.Bb5 a6 4.Ba4 d6 5.c3 Bd7 6.d4 g6 7.O-O Bg7 8.dxe5 dxe5
9.Bg5 Nf6 10.Nbd2 h6 11.Be3 O-O 12.Re1 Re8 13.b4 b6 14.Qc2 Qe7 15.Nf1 a5 
16.a3 Nh5 17.Bb3 Nd8 18.g3 Nf6 19.Nh4 Be6 20.f3 Bxb3 21.Qxb3 Ne6 22.Red1 
Kh7 23.Ra2 axb4 24.axb4 Rxa2 25.Qxa2 Rd8 26.Qc2 Rxd1 27.Qxd1 b5 1/2-1/2

[Event "17th Costa del Sol it"]
[Site "Torremolinos ESP"]
[Date "1977.02.09"]
[Round "4"]
[White "Garcia Padron, Jose"]
[Black "Piasetski, Leon David"]
[Result "1-0"]
[WhiteElo "2425"]
[BlackElo "2395"]
[EventDate "1977.02.06"]
[PlyCount "59"]

1.Nf3 g6 2.e4 Bg7 3.d4 d6 4.Nc3 Nf6 5.Be2 O-O 6.O-O a6 7.Re1 b5 8.e5 Ng4 
9.h3 Nh6 10.Bg5 f6 11.exf6 exf6 12.Bf4 g5 13.Bh2 f5 14.Qd2 Nf7 15.a4 b4 
16.Nd5 c6 17.Bc4 cxd5 18.Bxd5 Kh8 19.Bxa8 g4 20.Qxb4 gxf3 21.Qxb8 fxg2 22.
Bd5 Ng5 23.f4 Nxh3+ 24.Kxg2 Qh4 25.Rf1 Be6 26.Qxd6 Bxd5+ 27.Qxd5 Rg8 28.
Bg3 Qh5 29.Qf3 Nxf4+ 30.Qxf4 1-0

[Event "17th Costa del Sol it"]
[Site "Torremolinos ESP"]
[Date "1977.02.09"]
[Round "4"]
[White "Pavlov, Mircea"]
[Black "Christiansen, Larry Mark"]
[Result "1/2-1/2"]
[WhiteElo "2380"]
[BlackElo "2460"]
[EventDate "1977.02.06"]
[PlyCount "87"]

1.e4 c5 2.Nf3 Nc6 3.d4 cxd4 4.Nxd4 g6 5.Nc3 Bg7 6.Be3 Nf6 7.Bc4 Qa5 8.O-O 
O-O 9.Bb3 d6 10.h3 Bd7 11.Re1 Rac8 12.Qe2 Qh5 13.Rad1 Qxe2 14.Rxe2 Na5 15.
Nd5 Rfe8 16.Bg5 Nxd5 17.exd5 Kf8 18.c3 Nxb3 19.axb3 Rc5 20.Nc2 Ra5 21.Be3 
h5 22.Bd4 Bh6 23.Be3 Bxe3 24.Nxe3 Ra2 25.b4 Rc8 26.Rc1 b6 27.h4 a5 28.bxa5
bxa5 29.f3 Rb8 30.Rcc2 Ba4 31.Rcd2 Bb3 32.Kf2 Rc8 33.Rd4 Rc5 34.g4 hxg4 
35.fxg4 Kg7 36.h5 Ra4 37.hxg6 fxg6 38.Red2 Ra1 39.Re4 Kf7 40.Kg3 Rg1+ 41.
Kf2 Rb1 42.Kg3 a4 43.c4 Re1 44.Kf4 1/2-1/2

[Event "17th Costa del Sol it"]
[Site "Torremolinos ESP"]
[Date "1977.02.09"]
[Round "4"]
[White "Bellon Lopez, Juan Manuel"]
[Black "Castro Rojas, Oscar Humberto"]
[Result "1-0"]
[WhiteElo "2415"]
[BlackElo "2410"]
[EventDate "1977.02.06"]
[PlyCount "61"]

1.e4 Nc6 2.Nc3 e5 3.Nf3 Nf6 4.d4 exd4 5.Nd5 Bc5 6.Bg5 h6 7.Bxf6 gxf6 8.Qd2
d6 9.b4 Bb6 10.Bb5 Kf8 11.O-O f5 12.exf5 Ne5 13.Nxd4 Qh4 14.Nxb6 axb6 15.
f4 Ng4 16.Nf3 Qf6 17.h3 h5 18.hxg4 hxg4 19.Ng5 Ra3 20.Rae1 c6 21.Ne4 Qh4 
22.Qxd6+ Kg7 23.f6+ Kg6 24.f5+ Bxf5 25.Bd3 c5 26.bxc5 bxc5 27.Re3 Qh6 28.
Rg3 Qh2+ 29.Kf2 b6 30.Qf4 Qh4 31.Rh1 1-0

[Event "17th Costa del Sol it"]
[Site "Torremolinos ESP"]
[Date "1977.02.10"]
[Round "5"]
[White "Ruiz Gutierrez, Manuel"]
[Black "Gheorghiu, Florin"]
[Result "0-1"]
[WhiteElo "2260"]
[BlackElo "2545"]
[EventDate "1977.02.06"]
[PlyCount "44"]

1.Nf3 c5 2.g3 g6 3.Bg2 Bg7 4.O-O Nc6 5.c4 e6 6.Nc3 Nge7 7.d3 O-O 8.Bd2 b6 
9.Rb1 Bb7 10.a3 d5 11.b4 cxb4 12.axb4 dxc4 13.dxc4 Rc8 14.Ne1 Qd7 15.Nd3 
Nd4 16.c5 Bxg2 17.Kxg2 Qb7+ 18.f3 Rfd8 19.Qe1 Nxe2 20.Qxe2 Qd7 21.Ne4 Qxd3
22.Rf2 Qxb1 0-1

[Event "17th Costa del Sol it"]
[Site "Torremolinos ESP"]
[Date "1977.02.10"]
[Round "5"]
[White "Hernandez Onna, Roman"]
[Black "Byrne, Robert"]
[Result "1/2-1/2"]
[WhiteElo "2435"]
[BlackElo "2580"]
[EventDate "1977.02.06"]
[PlyCount "47"]

1.c4 Nf6 2.Nc3 e6 3.e4 d5 4.e5 d4 5.exf6 dxc3 6.bxc3 Qxf6 7.d4 b6 8.Nf3 
Bb7 9.Be2 Bd6 10.Qa4+ Bc6 11.Qc2 h6 12.a4 Nd7 13.a5 O-O 14.O-O Rfd8 15.Be3
Nf8 16.Nd2 Ng6 17.Bf3 Bxf3 18.Nxf3 e5 19.axb6 axb6 20.Qe4 Rxa1 21.Rxa1 Qe6
22.Ra8 Rxa8 23.Qxa8+ Kh7 24.Qd5 1/2-1/2

[Event "17th Costa del Sol it"]
[Site "Torremolinos ESP"]
[Date "1977.02.10"]
[Round "5"]
[White "Medina Garcia, Antonio Angel"]
[Black "Tatai, Stefano"]
[Result "1-0"]
[WhiteElo "2345"]
[BlackElo "2480"]
[EventDate "1977.02.06"]
[PlyCount "79"]

1.e4 c5 2.Nf3 d6 3.d4 Nf6 4.Nc3 cxd4 5.Nxd4 a6 6.g3 g6 7.Bg2 Bg7 8.O-O O-O
9.h3 Bd7 10.a4 Nc6 11.Nde2 Rc8 12.Bg5 Re8 13.Nd5 Nxd5 14.exd5 Na5 15.Ra2 
h6 16.Be3 b6 17.b3 Qc7 18.Re1 Kh7 19.Bd4 Rg8 20.Bxg7 Rxg7 21.Nd4 f5 22.c4 
Rf8 23.Rae2 Rff7 24.h4 Nb7 25.Nc6 Bxc6 26.dxc6 Nd8 27.Bd5 Rf6 28.b4 e6 29.
Bg2 e5 30.b5 Ne6 31.Rd2 Nc5 32.Rd5 a5 33.Re2 Rg8 34.Red2 Rd8 35.Rxe5 Nxa4 
36.Re1 Nc5 37.Rde2 Rf7 38.Bd5 Rg7 39.Qd4 Kh8 40.Re7 1-0

[Event "17th Costa del Sol it"]
[Site "Torremolinos ESP"]
[Date "1977.02.10"]
[Round "5"]
[White "Robatsch, Karl"]
[Black "Garcia Padron, Jose"]
[Result "1/2-1/2"]
[WhiteElo "2435"]
[BlackElo "2425"]
[EventDate "1977.02.06"]
[PlyCount "67"]

1.c4 Nf6 2.Nc3 e5 3.Nf3 Nc6 4.d4 e4 5.Nd2 Nxd4 6.Ndxe4 Nxe4 7.Nxe4 Bb4+ 8.
Bd2 Bxd2+ 9.Qxd2 Ne6 10.g3 O-O 11.Bg2 d6 12.Nc3 a5 13.O-O Nc5 14.Rad1 Bd7 
15.Rfe1 Bc6 16.e4 b6 17.Qc2 Qd7 18.Re3 Rae8 19.Rde1 f6 20.b3 Rf7 21.a3 Qc8
22.b4 axb4 23.axb4 Ne6 24.f4 Qa8 25.Qb2 Nf8 26.Qb3 g6 27.Nd5 Bxd5 28.cxd5 
Qc8 29.h4 Qd8 30.Qd1 Qd7 31.Kh2 Qe7 32.Qa1 g5 33.Bh3 Rg7 34.Rg1 1/2-1/2